| 000 | 00414nam a22001697a 4500 | ||
|---|---|---|---|
| 005 | 20180720103347.0 | ||
| 008 | 160622b xxu||||| |||| 00| 0 eng d | ||
| 020 | _a978-81-317-2121-6 | ||
| 041 | _aeng | ||
| 082 |
_b8838 _a658.3 |
||
| 100 |
_aRobins, Stephen p.and Judge, Timothy A. _94579 |
||
| 245 | _aOrganizational behavior | ||
| 260 | _bPearson | ||
| 300 | _a745 | ||
| 650 |
_aManagement _9241 |
||
| 942 | _cBK | ||
| 999 |
_c3448 _d3447 |
||